[Event "Cordoba Villa Giardino op 15th"]
[Site "Cordoba"]
[Date "2016.05.25"]
[Round "2"]
[White "Burijovich, Liliana"]
[Black "Cugat, Xavier"]
[Result "1-0"]
[WhiteElo "2088"]
[BlackElo "1421"]
[PlyCount "61"]
[EventDate "2016.05.25"]
[EventType "swiss"]
[EventRounds "7"]
[EventCountry "ARG"]
[SourceTitle "EXT 2024"]
[Source "ChessBase"]
[SourceDate "2023.10.10"]
[SourceVersion "1"]
[SourceVersionDate "2023.10.10"]
[SourceQuality "1"]

1. e4 c6 2. d4 d5 3. Nd2 dxe4 4. Nxe4 Bf5 5. Ng3 Bg6 6. h4 h6 7. Nf3 Nd7 8. h5 Bh7 9. Bd3 Bxd3 10. Qxd3 e6 11. Bd2 Ngf6 12. 0-0-0 Qc7 13. Qe2 Bd6 14. Nf5 0-0-0 15. Nxd6+ Qxd6 16. g3 Nd5 17. c4 Nc7 18. a3 Qe7 19. Bc3 Rhe8 20. Rhe1 Kb8 21. Kb1 Ka8 22. d5 cxd5 23. cxd5 Nb6 24. dxe6 Rxd1+ 25. Rxd1 f6 26. Nd4 Nbd5 27. Rd3 Nxc3+ 28. Rxc3 Kb8 29. Qc4 Nxe6 30. Re3 Qd7 31. Qe2 1-0

[Event "Buenos Aires-ch (Women)"]
[Site "Buenos Aires"]
[Date "2008.09.30"]
[Round "5"]
[White "Burijovich, Liliana"]
[Black "Carraro, Denise"]
[Result "0-1"]
[WhiteElo "2200"]
[BlackElo "2101"]
[PlyCount "96"]
[EventDate "2008.09.27"]
[EventType "swiss"]
[EventRounds "9"]
[EventCountry "ARG"]
[SourceTitle "CBM 126 Extra"]
[Source "ChessBase"]
[SourceDate "2008.11.05"]
[SourceVersion "1"]
[SourceVersionDate "2008.11.05"]
[SourceQuality "1"]

1. e4 g6 2. d4 d6 3. Nc3 Bg7 4. g3 Nc6 5. d5 Nb8 6. Bg2 e5 7. dxe6 fxe6 8. Nge2 Ne7 9. 0-0 0-0 10. Bg5 Nd7 11. Qd2 Ne5 12. Rad1 Rb8 13. Qe3 a6 14. h3 Nf7 15. Bxe7 Qxe7 16. f4 Bd7 17. Kh1 c5 18. g4 b5 19. b3 b4 20. Nb1 Bb5 21. a4 Bd4 22. Qd2 Bxe2 23. Qxe2 g5 24. f5 exf5 25. Rxf5 Nh6 26. Rxf8+ Rxf8 27. Rf1 Rf4 28. Qxa6 Qf8 29. Nd2 Nxg4 30. Rxf4 gxf4 31. Qc4+ Kh8 32. Qe6 Nf2+ 33. Kh2 f3 34. Nxf3 Qf4+ 35. Kg1 Ng4+ 36. Kf1 Nh2+ 37. Ke2 Nxf3 38. Qe8+ Kg7 39. Qe7+ Kh6 40. Qe6+ Kg5 41. Qg8+ Kh4 42. Qxh7+ Kg3 43. Qg6+ Kh2 44. Bxf3 Qe3+ 45. Kd1 Qxf3+ 46. Kc1 Qe3+ 47. Kd1 Bc3 48. Qxd6+ Kh1 0-1

[Event "American Continental (Women) 04th"]
[Site "San Luis"]
[Date "2007.08.28"]
[Round "1.7"]
[White "Burijovich, Liliana"]
[Black "Buttner, Natalia"]
[Result "1-0"]
[WhiteElo "2227"]
[BlackElo "2064"]
[PlyCount "53"]
[EventDate "2007.08.28"]
[EventType "swiss"]
[EventRounds "11"]
[EventCountry "ARG"]
[SourceTitle "EXT 2023"]
[Source "ChessBase"]
[SourceDate "2022.10.05"]
[SourceVersion "1"]
[SourceVersionDate "2022.10.05"]
[SourceQuality "1"]

1. e4 e6 2. d4 d5 3. exd5 exd5 4. c4 Nf6 5. Nc3 Be7 6. Bd3 c6 7. Nge2 dxc4 8. Bxc4 Nbd7 9. 0-0 Nb6 10. Bd3 Nbd5 11. Re1 0-0 12. Bg5 Be6 13. a3 a5 14. Qc2 h6 15. Bh4 Re8 16. Bg3 Nb6 17. Nf4 Bd5 18. Nfxd5 Nbxd5 19. h3 Qb6 20. Be5 Rad8 21. Bf5 Kf8 22. Na4 Qa7 23. Nc5 Bd6 24. Nd7+ Nxd7 25. Bxd6+ Re7 26. Rxe7 Nxe7 27. Qe4 1-0

[Event "Olympiad Women-37"]
[Site "Turin"]
[Date "2006.06.04"]
[Round "13"]
[White "Samaganova, Alexandra"]
[Black "Burijovich, Liliana"]
[Result "1/2-1/2"]
[WhiteElo "2087"]
[BlackElo "2204"]
[PlyCount "97"]
[EventDate "2006.05.21"]
[EventType "team-swiss"]
[EventRounds "13"]
[EventCountry "ITA"]
[SourceTitle "CBM 112 Extra"]
[Source "ChessBase"]
[SourceDate "2006.07.14"]
[SourceVersion "1"]
[SourceVersionDate "2006.07.14"]
[SourceQuality "1"]
[WhiteTeam "Kyrgyzstan (W)"]
[BlackTeam "Argentina (W)"]
[WhiteTeamCountry "KGZ"]
[BlackTeamCountry "ARG"]

1. c4 Nf6 2. Nc3 g6 3. g3 Bg7 4. Bg2 0-0 5. e4 d6 6. Nge2 e5 7. d3 Nc6 8. 0-0 Be6 9. h3 Qd7 10. Kh2 Nh5 11. g4 Nf6 12. Ng3 Nd4 13. Be3 c6 14. Qd2 Ne8 15. f4 f5 16. exf5 gxf5 17. g5 Nc7 18. Qf2 Rad8 19. Rad1 b5 20. b3 exf4 21. Bxf4 b4 22. Nce2 Nxe2 23. Nxe2 d5 24. Qxa7 Rf7 25. Qb6 Ra8 26. Qxb4 Rxa2 27. Rd2 Na6 28. Qb6 Ra3 29. Rb1 Qc8 30. Qe3 Rb7 31. Be5 Bxe5+ 32. Qxe5 Qc7 33. Qxc7 Nxc7 34. Nd4 Bd7 35. b4 Kf7 36. b5 cxb5 37. Nxb5 Bxb5 38. cxb5 Rxb5 39. Rxb5 Nxb5 40. Bxd5+ Kg6 41. h4 Kh5 42. Kh3 Kg6 43. Bc6 Nd6 44. Bf3 h6 45. gxh6 Kxh6 46. Kg3 Ne4+ 47. dxe4 fxe4 48. Rf2 exf3 49. Rxf3 1/2-1/2

[Event "Olympiad Women-37"]
[Site "Turin"]
[Date "2006.06.03"]
[Round "12"]
[White "Burijovich, Liliana"]
[Black "Ozturk Orenli, Kubra"]
[Result "0-1"]
[WhiteElo "2204"]
[BlackElo "2034"]
[PlyCount "124"]
[EventDate "2006.05.21"]
[EventType "team-swiss"]
[EventRounds "13"]
[EventCountry "ITA"]
[SourceTitle "CBM 112 Extra"]
[Source "ChessBase"]
[SourceDate "2006.07.14"]
[SourceVersion "1"]
[SourceVersionDate "2006.07.14"]
[SourceQuality "1"]
[WhiteTeam "Argentina (W)"]
[BlackTeam "Turkey (W)"]
[WhiteTeamCountry "ARG"]
[BlackTeamCountry "TUR"]

1. e4 c6 2. d4 d5 3. Nd2 dxe4 4. Nxe4 Bf5 5. Ng3 Bg6 6. h4 h6 7. Nf3 Nd7 8. h5 Bh7 9. Bd3 Bxd3 10. Qxd3 e6 11. Bd2 Qc7 12. Qe2 Ngf6 13. 0-0-0 0-0-0 14. Ne5 Nb6 15. c4 Rxd4 16. Be3 Rxd1+ 17. Rxd1 Bb4 18. Bxb6 axb6 19. f4 Bd6 20. Kb1 Rd8 21. Rf1 Qe7 22. Qf3 Nd7 23. Nd3 Nc5 24. Nxc5 bxc5 25. Ne4 f5 26. Nc3 Bc7 27. g3 Rd4 28. Re1 Qd6 29. Qe2 Rd3 30. Qxe6+ Qxe6 31. Rxe6 Rxg3 32. Re7 Bxf4 33. Na4 Be3 34. Nb6+ Kb8 35. Rf7 f4 36. Nd7+ Ka7 37. Ne5 Ka6 38. Kc2 Bd4 39. Nd3 f3 40. Kd2 Rg2+ 41. Ke1 Rg1+ 42. Kd2 Rf1 43. Rf5 f2 44. Ke2 Rb1 45. b3 Ra1 46. a4 Ra2+ 47. Kf1 Ra1+ 48. Ke2 b5 49. axb5+ cxb5 50. Rf8 bxc4 51. bxc4 Ra2+ 52. Kf1 Rd2 53. Rf3 Rc2 54. Rf4 Kb6 55. Rf8 Rxc4 56. Rb8+ Kc7 57. Rf8 Rc2 58. Rf4 Rd2 59. Rf3 c4 60. Rf7+ Kd6 61. Nb4 Rd1+ 62. Ke2 Re1+ 0-1

[Event "Olympiad Women-37"]
[Site "Turin"]
[Date "2006.05.27"]
[Round "6"]
[White "Puuska, Heini"]
[Black "Burijovich, Liliana"]
[Result "1/2-1/2"]
[WhiteElo "2030"]
[BlackElo "2204"]
[PlyCount "77"]
[EventDate "2006.05.21"]
[EventType "team-swiss"]
[EventRounds "13"]
[EventCountry "ITA"]
[SourceTitle "CBM 112 Extra"]
[Source "ChessBase"]
[SourceDate "2006.07.14"]
[SourceVersion "1"]
[SourceVersionDate "2006.07.14"]
[SourceQuality "1"]
[WhiteTeam "Finland (W)"]
[BlackTeam "Argentina (W)"]
[WhiteTeamCountry "FIN"]
[BlackTeamCountry "ARG"]

1. d4 Nf6 2. Bg5 g6 3. Bxf6 exf6 4. e3 Bg7 5. g3 0-0 6. Bg2 f5 7. Ne2 Re8 8. 0-0 d6 9. c4 c6 10. Nbc3 Nd7 11. b4 Nb6 12. c5 Nc4 13. a4 d5 14. Nc1 a5 15. b5 g5 16. Nb3 f4 17. e4 dxe4 18. Bxe4 Rxe4 19. Nxe4 Bh3 20. Re1 Qd5 21. Qh5 f5 22. Nf6+ Bxf6 23. Qxh3 f3 24. Qh5 Kg7 25. bxc6 bxc6 26. Rab1 Na3 27. Nd2 Nxb1 28. Rxb1 Rd8 29. Nxf3 h6 30. Ne5 Bxe5 31. dxe5 Rd7 32. h4 Qe4 33. Rd1 Rxd1+ 34. Qxd1 gxh4 35. Qd7+ Kg6 36. Qe8+ Kg7 37. Qe7+ Kg8 38. Qe8+ Kg7 39. Qe7+ 1/2-1/2

[Event "ARG-ch (Women)"]
[Site "Villa Martelli"]
[Date "2006.04.06"]
[Round "6"]
[White "Burijovich, Liliana"]
[Black "Sarquis, Maria Belen"]
[Result "1-0"]
[WhiteElo "2204"]
[BlackElo "2153"]
[PlyCount "99"]
[EventDate "2006.04.01"]
[EventType "swiss"]
[EventRounds "7"]
[EventCountry "ARG"]
[SourceTitle "CBM 111 Extra"]
[Source "ChessBase"]
[SourceDate "2006.05.09"]
[SourceVersion "1"]
[SourceVersionDate "2006.05.09"]
[SourceQuality "1"]

1. e4 e5 2. Bc4 Nf6 3. Nc3 Bc5 4. d3 c6 5. Nf3 d6 6. 0-0 b5 7. Bb3 Bg4 8. Be3 Nbd7 9. Ne2 Bxf3 10. gxf3 Nh5 11. Kh1 Qf6 12. Ng3 Nxg3+ 13. hxg3 Bxe3 14. fxe3 Qh6+ 15. Kg2 Qxe3 16. f4 Nf6 17. fxe5 dxe5 18. Rf5 Qc5 19. c3 0-0-0 20. d4 Qe7 21. Rxe5 Qxe5 22. dxe5 Rxd1 23. Rxd1 Nxe4 24. Bxf7 Ng5 25. Bh5 Rd8 26. Rd4 g6 27. Bg4+ Kc7 28. Kf2 h5 29. Be2 Re8 30. Bd3 Re6 31. Rd6 Rxe5 32. Rxg6 Kb6 33. Rh6 Nf7 34. Rf6 Ng5 35. Rf5 Ne4+ 36. Bxe4 Rxe4 37. Rxh5 a5 38. Kf3 Re1 39. Rh2 a4 40. a3 Kc5 41. g4 Kd5 42. Rd2+ Kc4 43. g5 Rf1+ 44. Ke4 Kb3 45. Rg2 Rb1 46. g6 Rxb2 47. Rxb2+ Kxb2 48. g7 Kxa3 49. g8Q Kb2 50. Qg2+ 1-0

[Event "ARG-ch (Women)"]
[Site "Villa Martelli"]
[Date "2006.04.05"]
[Round "5"]
[White "Lujan, Carolina"]
[Black "Burijovich, Liliana"]
[Result "1/2-1/2"]
[WhiteElo "2378"]
[BlackElo "2204"]
[PlyCount "114"]
[EventDate "2006.04.01"]
[EventType "swiss"]
[EventRounds "7"]
[EventCountry "ARG"]
[SourceTitle "CBM 111 Extra"]
[Source "ChessBase"]
[SourceDate "2006.05.09"]
[SourceVersion "1"]
[SourceVersionDate "2006.05.09"]
[SourceQuality "1"]

1. e4 c5 2. Nf3 Nc6 3. d4 cxd4 4. Nxd4 Qb6 5. Nb3 Nf6 6. Bd3 e6 7. 0-0 d5 8. exd5 Nxd5 9. c4 Nf6 10. Nc3 Be7 11. Be3 Qc7 12. Nb5 Qb8 13. Qe2 0-0 14. Rad1 e5 15. h3 e4 16. Bb1 Bf5 17. N3d4 Nxd4 18. Bxd4 Bg6 19. Qe3 a6 20. Nc3 Re8 21. c5 Qc7 22. b4 Rad8 23. Rfe1 h6 24. a4 Nd5 25. Nxd5 Rxd5 26. Bxe4 Bg5 27. Qb3 Bxe4 28. Rxe4 Red8 29. h4 Bf6 30. Re8+ Kh7 31. Qc2+ g6 32. Rxd8 Qxd8 33. Bxf6 Rxd1+ 34. Kh2 Qxf6 35. Qxd1 Qxh4+ 36. Kg1 Qxb4 37. Qc2 Qe1+ 38. Kh2 Qe5+ 39. g3 Qd5 40. Kg1 Qf3 41. Qc4 Kg7 42. Qd4+ Kg8 43. Qd8+ Kh7 44. Qd4 h5 45. Qc4 Kg8 46. Qd4 Qc6 47. Qd8+ Kg7 48. Qd4+ Kg8 49. Qd8+ Kg7 50. Qd4+ f6 51. Qe3 Kf7 52. Qh6 f5 53. Qh7+ Kf6 54. Qh8+ Ke6 55. Qg8+ Ke5 56. Qc4 Qe4 57. Qf7 Qc6 1/2-1/2

[Event "Olympiad Women-36"]
[Site "Mallorca"]
[Date "2004.10.29"]
[Round "14.2"]
[White "Sharevich, Anna"]
[Black "Burijovich, Liliana"]
[Result "1-0"]
[WhiteElo "2266"]
[BlackElo "2212"]
[PlyCount "79"]
[EventDate "2004.10.15"]
[EventType "team-swiss"]
[EventRounds "14"]
[EventCountry "ESP"]
[SourceTitle "CBM 102 Extra"]
[Source "ChessBase"]
[SourceDate "2004.11.03"]
[SourceVersion "1"]
[SourceVersionDate "2004.11.03"]
[SourceQuality "1"]
[WhiteTeam "Belarus (W)"]
[BlackTeam "Argentina (W)"]
[WhiteTeamCountry "BLR"]
[BlackTeamCountry "ARG"]

1. Nf3 Nf6 2. c4 g6 3. d4 Bg7 4. Nc3 0-0 5. e4 d6 6. Bg5 h6 7. Bh4 g5 8. Bg3 Nh5 9. Be2 e6 10. 0-0 Nc6 11. d5 Ne7 12. Nd2 Nxg3 13. hxg3 c6 14. Nb3 cxd5 15. cxd5 exd5 16. exd5 Qb6 17. Qd2 Nf5 18. Na4 Qd8 19. g4 Bd7 20. Nc3 Nh4 21. g3 Ng6 22. Nd4 Rc8 23. Nf5 Bxf5 24. gxf5 Ne7 25. Qd3 Qa5 26. Ne4 Nxd5 27. Nxd6 Nb4 28. Qf3 Rc6 29. Rad1 Qe5 30. Nc4 Qc7 31. Ne3 Rd8 32. a3 Rxd1 33. Rxd1 Na6 34. b4 Rc1 35. f6 Rxd1+ 36. Bxd1 Bf8 37. Bc2 Qe5 38. Ng4 Qe1+ 39. Kh2 Qe6 40. Qd3 1-0

[Event "Olympiad Women-36"]
[Site "Mallorca"]
[Date "2004.10.28"]
[Round "13.2"]
[White "Ragger, Anna Christina"]
[Black "Burijovich, Liliana"]
[Result "0-1"]
[WhiteElo "2114"]
[BlackElo "2212"]
[PlyCount "118"]
[EventDate "2004.10.15"]
[EventType "team-swiss"]
[EventRounds "14"]
[EventCountry "ESP"]
[SourceTitle "CBM 102 Extra"]
[Source "ChessBase"]
[SourceDate "2004.11.03"]
[SourceVersion "1"]
[SourceVersionDate "2004.11.03"]
[SourceQuality "1"]
[WhiteTeam "Austria (W)"]
[BlackTeam "Argentina (W)"]
[WhiteTeamCountry "AUT"]
[BlackTeamCountry "ARG"]

1. e4 c5 2. Nf3 e6 3. d4 cxd4 4. Nxd4 Qb6 5. Nb3 Qc7 6. Bd3 Nf6 7. Bg5 Be7 8. 0-0 Nc6 9. Nc3 0-0 10. f4 d6 11. Kh1 a6 12. Qe2 Re8 13. Rae1 h6 14. e5 Nd7 15. Qe4 Nf8 16. Bxe7 Nxe7 17. Qf3 d5 18. f5 exf5 19. Nxd5 Nxd5 20. Qxd5 Be6 21. Qf3 g6 22. Qe3 Kg7 23. Nd4 Rad8 24. a3 Bc4 25. Bxc4 Qxc4 26. c3 Ne6 27. Rf2 Nxd4 28. cxd4 Rxd4 29. Rc1 Qd5 30. h3 Rd3 31. Rc5 Rxe3 32. Rxd5 R8xe5 33. Rd7 Re7 34. Rd6 Re2 35. Rxe2 Rxe2 36. Rb6 Re7 37. h4 f4 38. h5 Re5 39. Rxb7 Rxh5+ 40. Kg1 a5 41. a4 Re5 42. b4 axb4 43. Rxb4 g5 44. Rb5 Re2 45. a5 Ra2 46. Kf1 Kg6 47. Rb6+ f6 48. a6 Kf5 49. Ke1 h5 50. Kf1 h4 51. Kg1 Kg4 52. Rxf6 Kg3 53. Kf1 g4 54. Rb6 Ra1+ 55. Ke2 Kxg2 56. a7 f3+ 57. Ke3 f2 58. Rb2 g3 59. Kf4 Rxa7 0-1

[Event "ARG-ch (Women)"]
[Site "Coronel Suarez"]
[Date "2004.09.12"]
[Round "6"]
[White "Zuriel, Marisa"]
[Black "Burijovich, Liliana"]
[Result "0-1"]
[WhiteElo "2227"]
[BlackElo "2202"]
[PlyCount "78"]
[EventDate "2004.09.09"]
[EventType "swiss"]
[EventRounds "7"]
[EventCountry "ARG"]
[SourceTitle "CBM 102 Extra"]
[Source "ChessBase"]
[SourceDate "2004.11.03"]
[SourceVersion "1"]
[SourceVersionDate "2004.11.03"]
[SourceQuality "1"]

1. e4 c5 2. Nf3 e6 3. d4 cxd4 4. Nxd4 Qb6 5. Nb3 Qc7 6. g3 b6 7. Bg2 Bb7 8. 0-0 d6 9. Nc3 a6 10. a4 Nf6 11. Be3 Nbd7 12. f4 Be7 13. Kh1 Rc8 14. Re1 0-0 15. g4 Nc5 16. Nxc5 dxc5 17. g5 Rfd8 18. Qf3 Nd7 19. Re2 c4 20. Rg1 Bc5 21. Qh5 Nf8 22. Bxc5 Qxc5 23. h4 b5 24. axb5 axb5 25. e5 Bxg2+ 26. Rgxg2 g6 27. Qh6 b4 28. Ne4 Rd1+ 29. Kh2 Qd4 30. h5 Rf1 31. hxg6 fxg6 32. Qh4 Qxb2 33. Nf6+ Kh8 34. Rd2 Qc1 35. Qg4 c3 36. Rdf2 Rxf2 37. Rxf2 b3 38. cxb3 c2 39. Qg2 Qd1 0-1

[Event "ARG-ch (Women)"]
[Site "Coronel Suarez"]
[Date "2004.09.10"]
[Round "2"]
[White "Burijovich, Liliana"]
[Black "Lujan, Carolina"]
[Result "1/2-1/2"]
[WhiteElo "2202"]
[BlackElo "2318"]
[PlyCount "42"]
[EventDate "2004.09.09"]
[EventType "swiss"]
[EventRounds "7"]
[EventCountry "ARG"]
[SourceTitle "CBM 102 Extra"]
[Source "ChessBase"]
[SourceDate "2004.11.03"]
[SourceVersion "1"]
[SourceVersionDate "2004.11.03"]
[SourceQuality "1"]

1. e4 c5 2. Nf3 e6 3. d4 cxd4 4. Nxd4 a6 5. c4 Nf6 6. Nc3 Qc7 7. a3 d6 8. Be3 Nbd7 9. Rc1 b6 10. Be2 Bb7 11. f3 Be7 12. 0-0 0-0 13. Qd2 Rac8 14. b4 Qb8 15. Rfd1 Bd8 16. Nb3 Bc7 17. g3 Rfd8 18. Bf4 Nf8 19. Bg5 N8d7 20. Bf4 Nf8 21. Bg5 N8d7 1/2-1/2